Protección penal del ambiente y del patrimonio cultural /
Guardado en:
| Autor Principal: | |
|---|---|
| Otros Autores: | , |
| Formato: | Libro |
| Idioma: | Undetermined |
| Publicado: |
Ciudad Autónoma de Buenos Aires :
Didot,
2021.
|
| Edición: | 1a. ed. |
| Materias: | |
| Etiquetas: |
Agregar Etiqueta
Sin Etiquetas, Sea el primero en etiquetar este registro!
|
| LEADER | 00621nam a22001935a 4500 | ||
|---|---|---|---|
| 001 | DER.der014827 | ||
| 008 | 230907s2021####xx############000#0#und#d | ||
| 005 | 20230913090711.0 | ||
| 245 | 1 | 0 | |a Protección penal del ambiente y del patrimonio cultural / |c Mariana Catalano. |
| 250 | |a 1a. ed. | ||
| 260 | |a Ciudad Autónoma de Buenos Aires : |b Didot, |c 2021. | ||
| 300 | |a 433 p. | ||
| 020 | |a 9789873620935 | ||
| 100 | 1 | |a Catalano, Mariana. | |
| 700 | 1 | |a Borinsky, Mariano. | |
| 700 | 1 | |a Lorenzetti, Ricardo, |e prol. | |
| 650 | 7 | |a DERECHO AMBIENTAL | |
| 650 | 7 | |a DERECHO PENAL AMBIENTAL | |
| 859 | |a DERECHO |b BIB. DERECHO |h 345.0245 |i CAT |p 0010213 | ||
